| 000 | 00615nam a2200217Ia 4500 | ||
|---|---|---|---|
| 005 | 20260429112021.0 | ||
| 008 | 260429s9999||||xx |||||||||||||| ||und|| | ||
| 020 | _a9781032817101 | ||
| 041 | _aEnglish | ||
| 082 |
_a338.4791 _bSER |
||
| 100 | _aSéraphin, Hugues | ||
| 245 | 0 |
_aSolo travel, tourism and loneliness : _ba critical sociology / _cHugues Séraphin |
|
| 250 | _a1st ed. | ||
| 260 |
_aNew York : _bRoutledge, _c2025. |
||
| 300 | _avi, 99 p.; hb | ||
| 650 | _a Loneliness studies | ||
| 650 | _a Tourism sociology | ||
| 650 | _aSolo travel | ||
| 700 | _a Korstanje, Maximiliano E. | ||
| 942 | _cTB | ||
| 999 |
_c51914 _d51914 |
||